Fundamentals of QBasic programming : (Record no. 7085)

MARC details
000 -LEADER
fixed length control field 00872nac a22002171u 4500
010 ## - LIBRARY OF CONGRESS CONTROL NUMBER
LC control number 94039096
020 ## - INTERNATIONAL STANDARD BOOK NUMBER
International Standard Book Number 0673993787
082 00 - DEWEY DECIMAL CLASSIFICATION NUMBER
Classification number 005.265
Item number NIC
090 ## - LOCALLY ASSIGNED LC-TYPE CALL NUMBER (OCLC); LOCAL CALL NUMBER (OCLC)
-- 7085
-- 7085
100 ## - MAIN ENTRY--PERSONAL NAME
Personal name Nickerson, Robert C.,
245 10 - TITLE STATEMENT
Title Fundamentals of QBasic programming :
Remainder of title problem solving and application development /
Statement of responsibility, etc Robert C. Nickerson.
260 ## - PUBLICATION, DISTRIBUTION, ETC. (IMPRINT)
Place of publication, distribution, etc New York :
Name of publisher, distributor, etc HarperCollinsCollege,c1995.
Date of publication, distribution, etc c1995.
300 ## - PHYSICAL DESCRIPTION
Extent xv, 401 p. :
Other physical details ill. ;
Dimensions 28 cm. +
Accompanying material 1 computer disk (3 1/2 in.)
500 ## - GENERAL NOTE
General note Includes Instructor's manual and transparency masters, c1995: (131, 84 p.).
500 ## - GENERAL NOTE
General note Includes index.
500 ## - GENERAL NOTE
General note Distributer: Al-Ahram.
511 ## - PARTICIPANT OR PERFORMER NOTE
Participant or performer note Catalogued By: Mahitab.
538 ## - SYSTEM DETAILS NOTE
System details note System requirements for accompanying computer disk: MS-DOS QBasic.
650 #0 - SUBJECT ADDED ENTRY--TOPICAL TERM
Topical term or geographic name as entry element QBasic (Computer program language)
942 ## - ADDED ENTRY ELEMENTS (KOHA)
Item type Book - Borrowing
Call number prefix 005.265NIC
Holdings
Withdrawn status Item status Damaged status Not for loan Home library Current library Shelving location Date acquired Source of acquisition Total Checkouts Full call number Barcode Date last seen Koha item type
        Central Library Central Library Lower Floor 07/12/2016 Purchase   005.265NIC 000008748 15/07/2025 Book - Borrowing